Представление документа в формате MARC21

Поле Инд. ПП Название Значение
Тип записи a
Библиографический уровень b
001 Контрольный номер RU/IS/BASE/103041180
005 Дата корректировки 20200630193146.8
084 a Индекс другой классификации/Индекс ББК 60.563.05(2Рос); 60.523; 86.2; 86.372.24-12
100 1_ a Автор Володина Н. В.
245 10 a Заглавие Роль культового искусства в духовной жизни современной России
504 a Библиография Библиогр. ссылки
650 04 a Основная рубрика религиоведение
a Основная рубрика религия
a Основная рубрика русская православная церковь
a Основная рубрика социология
a Основная рубрика социология культуры
a Основная рубрика социология религии
653 0_ a Ключевые слова бездуховность
a Ключевые слова верующие
a Ключевые слова духовная жизнь
a Ключевые слова духовная культура
a Ключевые слова духовность
a Ключевые слова духовные ценности
a Ключевые слова духовный кризис
a Ключевые слова иконы
a Ключевые слова искусство
a Ключевые слова культура
a Ключевые слова культурные ценности
a Ключевые слова общество
a Ключевые слова религиозная культура
a Ключевые слова религиозное искусство
a Ключевые слова религиозность
a Ключевые слова религиозность общества
a Ключевые слова российское общество
a Ключевые слова Россия
a Ключевые слова секуляризация религии
a Ключевые слова социальная философия
773 18 t Заглавие источника Социально-гуманитарные знания
d Дата издания источника 2003
g Прочая информация № 1. - С. 258 - 267
w Контрольный № источника RU/IS/BASE/101491030
901 t Тип документа b